Krakowscy książęta dzielnicowi - Statystyki

Ogólne statystyki
  • Ten quiz został rozwiązany 70 razy
    68 od ostatniego zresetowania
  • Średni wynik to 28 z 32
Statystyki odpowiedzi
Lata panowania Odpowiedź % Poprawnych
1173–1177 Mieszko III Stary
98%
1191 Mieszko III Stary
98%
1195 Mieszko III Stary
98%
1199–1202 Mieszko III Stary
98%
1291 Władysław I Łokietek
96%
1306–1320 Władysław I Łokietek
96%
1194–1195 Leszek Biały
93%
1195–1199 Leszek Biały
93%
1202 (lub 1206) –1210 Leszek Biały
93%
1211–1227 Leszek Biały
93%
1290–1291 Przemysł II
93%
1295–1296 Przemysł II
93%
1291–1305 Wacław II
93%
1305–1306 Wacław III
93%
1279–1288 Leszek Czarny
91%
1146–1173 Bolesław IV Kędzierzawy
89%
1238–1241 Henryk II Pobożny
87%
1177–1191 Kazimierz II Sprawiedliwy
87%
1191–1194 Kazimierz II Sprawiedliwy
87%
1138–1146 Władysław II Wygnaniec
87%
1228–1229 Henryk I Brodaty
84%
1232–1238 Henryk I Brodaty
84%
1229–1230 Konrad I Mazowiecki
84%
1230–1232 Konrad I Mazowiecki
84%
1241–1243 Konrad I Mazowiecki
84%
1288–1290 Henryk IV Prawy
78%
1202 lub 1202–1206 Władysław III Laskonogi
76%
1227–1228 Władysław III Laskonogi
76%
1230 Władysław III Laskonogi
76%
1243–1279 Bolesław V Wstydliwy
71%
1241 Bolesław II Rogatka
62%
1210–1211 Mieszko IV Plątonogi
53%
Nie znaleziono quizów pasujących do podanych kryteriów
Rozkład punktacji
Procent ludzi z każdym wynikiem
Percentyl według liczby udzielonych odpowiedzi
Twoja historia wyników
Nie rozwiązałeś tego quizu od ostatniego zresetowania